LEADER 00912nam a2200217 i 4500 001 000000010324 003 CaOOAMICUS 005 20180830125440.0 008 180830s1844 it u000 u ita u 040 $aSeMil$bita 245 10$aMilano e il suo territorio /$c[a cura di Lorenzo Litta Modignani, Carlo Bassi, Antonio Re]. 260 $aMilano :$bLuigi di Giacomo Pirola,$c1844. 300 $a2 v. ;$c27 cm. 650 4$aMilano - Storia.$0(OLS)http://semarc/subject/4396 700 1 $aLitta Modignani, Lorenzo.$0(OLS)http://semarc/name/89745 700 1 $aRe, Antonio.$0(OLS)http://semarc/name/80502 700 1 $aBassi, Carlo .$0(OLS)http://semarc/name/89746 774 0 $tTomo 2.$g2$w()78234 774 0 $tTomo 1.$g1$w()252908 996 $6245$aMilano e il suo territorio$9(OLS)http://semarc/title/26687 996 $6260$aMilano :$bLuigi di Giacomo Pirola$9(OLS)http://semarc/publisher/33430 LEADER 01160nam a2200265 i 4500 001 000000190514 003 CaOOAMICUS 005 20100618000000.0 008 100618s1993 it u000 u ita u 013 $a168927 020 $a88-7983-013-9 040 $aSeMil$bita 100 1 $aGogol, Nikolaj Vasiljevic <1809-1852>.$0(OLS)http://semarc/name/8949 245 13$aIl cappotto e Il naso /$cNikolaj V. Gogol' ; traduzione e cura di Luisa De Nardis. La storia della vecchia nutrice. 260 $aRoma :$bNewton Compton,$ccopyr. 1993. 300 $a92 p. ;$c20 cm. 490 0 $aTascabili Economici Newton. Centopaginemillelire ;$v44 500 $aContiene : Cronologia della vita e delle opere. 700 1 $aDe Nardis, Luisa.$0(OLS)http://semarc/name/69658 830 0$aCentopaginemillelire ;$v44.$0(OLS)http://semarc/title/20358 850 $aSeMil 852 $aSeMil$W1$xVenegono$y1$m96 8 44 *$j141131$B141131$CSeMilBibl$Z2$F152737 $81 996 $6020$a88-7983-013-9$9(OLS)http://semarc/number/181451 996 $6245$aIl cappotto e Il naso$9(OLS)http://semarc/title/274458 996 $6260$aRoma :$bNewton Compton$9(OLS)http://semarc/publisher/31452